| 000 | 04768cam a2200973 a 4500 | ||
|---|---|---|---|
| 999 | _c54866 | ||
| 001 | 12756490 | ||
| 003 | LIBRIS | ||
| 005 | 20210609094437.0 | ||
| 008 | 120414s2012 sw |||||||||||000 f|swe| | ||
| 020 |
_a9789113038575 _qinb. |
||
| 035 | _a(Bo)502291 | ||
| 040 |
_aLGEN _dS _ea |
||
| 041 | 1 |
_aswe _heng |
|
| 082 | 0 | 4 |
_a813.6 _223/swe |
| 100 | 1 | _aFaye, Lyndsay | |
| 240 | 1 | 4 |
_aThe gods of Gotham. _lSvenska |
| 245 | 1 | 0 |
_aNew Yorks gudar / _cLyndsay Faye ; översättning: Jessica Hallén. |
| 264 | 1 |
_aStockholm : _bNorstedt, _c2012 |
|
| 264 | 3 | _aFinland | |
| 300 |
_a423 s. _c24 cm |
||
| 340 | _b24 cm | ||
| 440 |
_aTimothy Wilde _v; 1 |
||
| 500 | _aFörsta svenska upplaga 2012 | ||
| 500 |
_5Bo _aAnnan upplaga kan finnas vid biblioteket |
||
| 500 |
_5Li _aPliktex |
||
| 700 | 1 |
_aHallén, Jessica, _d1969- _4trl _0https://libris.kb.se/khw06bt33kxjl6p#it |
|
| 887 |
_a{"@id":"0jbdqr6b0t6v64c","modified":"2015-12-23T12:37:24+01:00","checksum":"56999392474"} _2librisxl |
||
| 887 |
_a{"@id":"sx4sxh8z4jp5c20","modified":"2014-08-25T11:15:10+02:00","checksum":"83472348501"} _2librisxl |
||
| 887 |
_a{"@id":"v074w8p13rz0sjq","modified":"2016-01-25T12:18:48+01:00","checksum":"82163530543"} _2librisxl |
||
| 887 |
_a{"@id":"pt1n41nv2f63759","modified":"2014-04-01T12:08:34+02:00","checksum":"74079497801"} _2librisxl |
||
| 887 |
_a{"@id":"w17vsg124gqnxbf","modified":"2014-04-23T08:01:29+02:00","checksum":"76827706089"} _2librisxl |
||
| 887 |
_a{"@id":"mrzddzrs2rc39ld","modified":"2012-09-21T13:49:36+02:00","checksum":"100861597159"} _2librisxl |
||
| 887 |
_a{"@id":"jnv9b7xp2zbsp2j","modified":"2012-10-02T12:11:19+02:00","checksum":"87281265214"} _2librisxl |
||
| 887 |
_a{"@id":"mrzk075s3lqwd76","modified":"2014-02-07T16:24:47+01:00","checksum":"75047076899"} _2librisxl |
||
| 887 |
_a{"@id":"59hzb8jb0m3qvjv","modified":"2012-11-19T12:08:15+01:00","checksum":"79166780219"} _2librisxl |
||
| 887 |
_a{"@id":"gls8sb4m34bzsd4","modified":"2012-12-12T11:12:15+01:00","checksum":"87484005706"} _2librisxl |
||
| 887 |
_a{"@id":"rw3kzl9x4gpccp2","modified":"2012-11-22T08:53:04+01:00","checksum":"81338542462"} _2librisxl |
||
| 887 |
_a{"@id":"9fm25c5g0rns7l1","modified":"2014-12-08T12:35:24+01:00","checksum":"76588412748"} _2librisxl |
||
| 887 |
_a{"@id":"qv2h6xhw3sppzz4","modified":"2012-11-14T08:06:52+01:00","checksum":"75345213780"} _2librisxl |
||
| 887 |
_a{"@id":"pt1gfc6v0cs7k7g","modified":"2012-09-17T11:42:54+02:00","checksum":"24030448353"} _2librisxl |
||
| 887 |
_a{"@id":"jnv90j7p1bxqz8g","modified":"2012-08-21T15:32:00+02:00","checksum":"81278897207"} _2librisxl |
||
| 887 |
_a{"@id":"chqjkqpj3cf4kx5","modified":"2015-04-29T12:19:21+02:00","checksum":"85022059139"} _2librisxl |
||
| 887 |
_a{"@id":"7ck09cvd48kz2fz","modified":"2014-04-04T11:08:06+02:00","checksum":"81845408229"} _2librisxl |
||
| 887 |
_a{"@id":"sx4kjqzz24vcsp3","modified":"2012-09-18T14:55:56+02:00","checksum":"77275760953"} _2librisxl |
||
| 887 |
_a{"@id":"tz5mr3n04twbsld","modified":"2013-01-22T16:35:36+01:00","checksum":"79608996712"} _2librisxl |
||
| 942 |
_2z _cBOOK |
||
| 949 |
_5G _66000033924 _a12/748 _s7500 _tYNNNN |
||